World capitals - Sudden death - Statistics

General Stats
  • This quiz has been taken 56 times
    53 since last reset
  • The average score is 20 of 29
Answers on the Grid
Answers color-coded by a green-red scale on the quiz's grid according to % correct below.
Antwerp
Lagos
Rabat
Tokyo
Belmopan
Fez
Beijing
Aleppo
Jerusalem
Abuja
Barcelona
Belgrade
Yaoundé
Kolkata
Lagos
South Tarawa
Osaka
Toronto
Muscat
Mumbai
Rotterdam
Skopje
Castries
Brasilia
Sydney
Wellington
Frankfurt
Suva
Tripoli
Las Vegas
Milan
Istanbul
Rio de Janeiro
Bloemfontein
Mogadishu
Santo domingo
Saint Petersburg
Luxembourg
Copenhagen
Jeddah
Amman
Bangkok
Hanoi
Ho chi minh city
Lahore
Phnom penh
Port moresby
Dili
Gdansk
Naples
Doha
Chennai
Rome
San Diego
 
Answer Stats
Answer % Correct
Tokyo
87%
Beijing
82%
Copenhagen
82%
Skopje
82%
Belgrade
79%
Luxembourg
79%
Rome
79%
Bangkok
76%
Brasilia
76%
Rabat
76%
Wellington
76%
Amman
71%
Doha
71%
Muscat
71%
Abuja
68%
Hanoi
68%
Jerusalem
68%
Phnom penh
68%
Yaoundé
68%
Tripoli
66%
Mogadishu
63%
Belmopan
58%
Dili
58%
Suva
58%
Santo domingo
55%
Port moresby
53%
Bloemfontein
50%
Castries
45%
South Tarawa
37%
No matching quizzes found
Score Distribution
Percent of People with Each Score
Percentile by Number Answered
Your Score History
You have not taken this quiz since the last reset